La República decapitada : (Record no. 184548)

MARC details
000 -LEADER
campo de control de longitud fija 01423nam a2200349 i 4500
001 - NÚMERO DE CONTROL
campo de control 184548
003 - IDENTIFICADOR DE NÚMERO DE CONTROL
campo de control ES-MaACL
005 - FECHA Y HORA DE LA ÚLTIMA TRANSACCIÓN
campo de control 20250929063303.0
008 - DATOS DE LONGITUD FIJA--INFORMACIÓN GENERAL
campo de control de longitud fija 151021s2010 sp acfo |||| |cspa d
020 ## - NÚMERO INTERNACIONAL ESTÁNDAR DEL LIBRO
Número Internacional Estándar del Libro 9788496495449
080 ## - NÚMERO DE LA CLASIFICACIÓN DECIMAL UNIVERSAL
Número de la Clasificación Decimal Universal 32 Villalta, M.
080 ## - NÚMERO DE LA CLASIFICACIÓN DECIMAL UNIVERSAL
Número de la Clasificación Decimal Universal 323.281(460.315 A.)"1939/75"
100 1# - ENTRADA PRINCIPAL--NOMBRE DE PERSONA
Nombre de persona Sánchez Recio, Glicerio,
Fechas asociadas al nombre 1944-
9 (RLIN) 157965
245 13 - MENCIÓN DEL TÍTULO
Título La República decapitada :
Resto del título el caso de la familia Villalta Gisbert, Alicante, 1939-1942 /
Mención de responsabilidad, etc. Glicerio Sánchez Recio.
250 ## - MENCION DE EDICION
Mención de edición 1ª ed.
260 ## - PUBLICACIÓN, DISTRIBUCIÓN, ETC.
Lugar de publicación, distribución, etc. Barcelona :
Nombre del editor, distribuidor, etc. Flor del Viento,
Fecha de publicación, distribución, etc. 2010.
300 ## - DESCRIPCIÓN FÍSICA
Extensión 349 p., [8] p. de lám. fot. :
Otras características físicas il. ;
Dimensiones 23 cm.
490 1# - MENCIÓN DE SERIE
Mención de serie Del viento terral ;
Designación de volumen o secuencia 47
500 ## - NOTA GENERAL
Nota general Apéndice documental.
500 ## - NOTA GENERAL
Nota general Índice onomástico.
504 ## - NOTA DE BIBLIOGRAFÍA, ETC.
Nota de bibliografía, etc. Bibliografía: p. [337]-341.
505 8# - NOTA DE CONTENIDO CON FORMATO
Nota de contenido con formato Contiene: Semblanza de Miguel Villalta ; El proceso contra Miguel Villalta
600 14 - PUNTO DE ACCESO ADICIONAL DE MATERIA--NOMBRE DE PERSONA
Nombre de persona Villalta, Miguel,
Fechas asociadas al nombre 1838-1907
9 (RLIN) 114984
650 #4 - PUNTO DE ACCESO ADICIONAL DE MATERIA--TÉRMINO DE MATERIA
Término de materia o nombre geográfico como elemento de entrada Represión política-
Subdivisión geográfica Alicante-
Subdivisión cronológica 1939-1975.
9 (RLIN) 157966
655 #0 - TERMINO DE INDIZACIÓN--GENERO/FORMA
Datos o término principal de género/forma Biografías
9 (RLIN) 176647
830 1# - PUNTO DE ACCESO ADICIONAL DE SERIE-TÍTULO UNIFORME
Título uniforme Del viento terral ;
Designación de volumen o secuencia 47
9 (RLIN) 181941
852 4# - LOCALIZACIÓN
Ubicación ES-MaACL
itemnumber 191549
Sublocalización o colección R.150462
Número de control de estantería A-13600
Signatura antigua Olim: N-6600
Donativo/Legado Donación: Miguel A. Schiller Villalta
Anotaciones manuscritas Dedicatoria autógrafa de Miguel A. Schiller Villalta
Ubicación en estantería Depósito 1
903 ## - NOMBRE PERSONAL DE DONANTE
a Schiller Villalta, Miguel A.
9 234591
e Donante
942 ## - ELEMENTOS DE ENTRADA SECUNDARIOS (KOHA)
Fuente del sistema de clasificación o colocación Clasificación decimal universal
Tipo de ítem Koha Libro impreso
Holdings
Estatus retirado Estado de pérdida Fuente del sistema de clasificación o colocación Estado de daño No para préstamo Colección Biblioteca de origen Biblioteca actual Ubicación en estantería Fecha de adquisición Fuente de adquisición Total de préstamos Signatura topográfica completa Código de barras Visto por última vez Precio de reemplazo Tipo de ítem Koha Nota pública
    Clasificación decimal universal     Libros con dedicatorias Biblioteca del Ateneo de Madrid Biblioteca del Ateneo de Madrid Depósito 1 21/10/2015 Donación   A-13600 1194296 23/02/2023 23/02/2023 Libro impreso Dedicatoria autógrafa de Miguel A. Schiller Villalta